Duety dľa trombonov (Bach, Mozart, Gedike a i.).
Uložené v:
| Médium: | Kniha |
|---|---|
| Jazyk: | Russian |
| Vydané: |
Moskva :
Muzgiz,
1960.
|
| Vydanie: | 1. izd. |
| ISBN: |
(brož.) |
| Fyzický popis: |
22 s. |
| Tagy: |
Pridať tag
Žiadne tagy, Buďte prvý kto otaguje tento záznam!
|
Titul je dostupný aj v ... 

MARC
| LEADER | 00000nam a2200000 a 4500 | ||
|---|---|---|---|
| 001 | 000108074 | ||
| 005 | 20101114154356.0 | ||
| 008 | 040101s1960 ru e rusod | ||
| 020 | |a (brož.) |c Kčs 3,00 | ||
| 040 | |a SVKKK |b slo |c SVKKK |e AACR2 | ||
| 041 | 0 | |a rus | |
| 043 | |a e-xo--- | ||
| 044 | |a ru |c RU | ||
| 245 | 0 | 0 | |a Duety dľa trombonov |h hudobnina |b (Bach, Mozart, Gedike a i.). |
| 250 | |a 1. izd. | ||
| 260 | |a Moskva : |b Muzgiz, |c 1960. | ||
| 300 | |a 22 s. | ||
| 910 | |a svkkk | ||
| 998 | |a BK | ||
| 090 | |g SCKHL |k Sklad Pribinova 3. posch. |a V.30507 |j 268951 |i 2720849831 |s Prezenčne | ||